Đạo đức trong kinh tế : Các cơ sở triết học của chủ nghĩa tự do = Les fondements pholosophiques du libéralisme

Trình bày các học thuyết lớn về đạo đức học gồm chủ nghĩa công lợi và pháp quyền tự nhiên đã sản sinh ra 1 lập luận ủng hộ toàn bộ các quyền tự do trong đó có tự do kinh tế

Na minha lista:
Detalhes bibliográficos
Autor principal: Vergara, Francisco
Formato: Livro
Idioma:Undetermined
Publicado em: Hà Nội Tri thức 2010
Assuntos:
Tags: Adicionar Tag
Sem tags, seja o primeiro a adicionar uma tag!
Thư viện lưu trữ: Trung tâm Học liệu Trường Đại học Cần Thơ
LEADER 00998nam a2200217Ia 4500
001 CTU_165836
008 210402s9999 xx 000 0 und d
020 |c 50000 
082 |a 320.51 
082 |b V494 
100 |a Vergara, Francisco 
245 0 |a Đạo đức trong kinh tế : 
245 0 |b Các cơ sở triết học của chủ nghĩa tự do = Les fondements pholosophiques du libéralisme 
245 0 |c Francisco Vergara ; Nguyễn Đôn Phước dịch 
260 |a Hà Nội 
260 |b Tri thức 
260 |c 2010 
520 |a Trình bày các học thuyết lớn về đạo đức học gồm chủ nghĩa công lợi và pháp quyền tự nhiên đã sản sinh ra 1 lập luận ủng hộ toàn bộ các quyền tự do trong đó có tự do kinh tế 
650 |a Liberalism,Chủ nghĩa tự do 
904 |i Trọng Hiếu 
980 |a Trung tâm Học liệu Trường Đại học Cần Thơ